000 00946cab a2200337 4500
001 ABS37033
008 090401t1986 xxu||||| |||| 00| 0 eng d
035 _a(Sirsi) u1709
041 _aeng
100 _aDickie, P.
245 _aQuantity surveying software review
260 _c1986
350 _a0
490 _aCivil Engineering Surveyor
_v11 (8) October 1986, 14-18 (4)
520 _aA review of twelve software packages for quantity surveyors based on literature submitted by each organisation. Details of addresses and phone numbers.
650 _aARAMIS
650 _aBARCELLOS
650 _aCAMIC
650 _aCOMPUTERS
650 _aCONTRACT DATA RESEARCH
650 _aCOODE BLIZARD
650 _aELSTREE COMPUTING
650 _aMASTERBILL
650 _aRICHMOND
650 _aS C L
650 _aS D MICROS
650 _aSYNTECH
690 _aQuantity surveying
_96263
942 _n0
948 _c04/03/1997
999 _c979
_d979